Statistiques concernant Vices-capitaines (Bleach)

Cliquez ici pour prendre le quiz!

Statistiques générales

  • Ce quiz a été pris 111 fois
  • Le résultat moyen est 15 sur 30

Statistiques - réponses

DivisionVice-capitaine% Correct
Lieutenant 6ème divisionRenji Abarai
94%
Lieutenant 3ème divisionIzuru Kira
87%
Co-Lieutenant 1ère division / Ex-Lieutenant 8ème divisionNanao Ise
83%
Ex-Lieutenant 13ème divisionRukia Kuchiki
83%
Ex-Lieutenant 4ème divisionIsane Kotetsu
82%
Lieutenant 10ème divisionRangiku Matsumoto
82%
Ex-Lieutenant 1ère divisionChojiro Sasakibe
80%
Ex-Lieutenant 7ème divisionTetsuzaemon Iba
78%
Lieutenant 5ème divisionMomo Hinamori
76%
Lieutenant 2nde divisionMarechiyo Omaeda
73%
Ex-Lieutenant 11ème divisionYachiru Kusajichi
73%
Ex-Lieutenant 12ème divisionNemuri Kurotsuchi
69%
Co-Lieutenant 9ème divisionShuhei Hisagi
69%
Ex-Lieutenant 8ème division (TBTP)Lisa Yadomaru
64%
Lieutenant 11ème divisionIkkaku Madarame
61%
Ex-Lieutenant 12ème division (TBTP)Hiyori Sarugaki
60%
Co-Lieutenant 9ème divisionMashiro Kuna
49%
Ex-Lieutenant 13ème division (TBTP)Kaien Shiba
42%
Lieutenant 12ème divisionAkon
41%
Ex-Vice-Chef en Kido (Corps des Nécromanciens)Hachigen Ushoda
41%
Lieutenant 4ème divisionKiyone Kotetsu
33%
Co-Lieutenant 1ère divisionGenshiro Okikiba
28%
Ex-Lieutenant 4ème division (TBTP)Seinosuke Yamada
24%
Lieutenant 13ème divisionSentaro Kotsubaki
19%
Lieutenant 8ème divisionYuyu Yayahara
12%
Lieutenant 7ème divisionAto Rindo
7%
Ex-Lieutenant 6ème division (TBTP)Sojun Kuchiki
7%
Ex-Lieutenant 2nde division (TBTP)Marenoshin Omaeda
6%
Ex-Lieutenant 3ème division (TBTP)Chikane Iba
4%
Ex-Lieutenant 7ème division (TBTP)Jin'emon Kotsubaki
2%

Distribution des résultats

Percentile par nombre de réponses

% des personnes avec chaque résultat

Votre développement - résultats

Vous n’avez pas pris ce quiz